The little red hen / (Record no. 8673)
| 000 -LEADER | |
|---|---|
| fixed length control field | 00576cam a2200205 a 4500 |
| 001 - CONTROL NUMBER | |
| control field | 000018634719 |
| 003 - CONTROL NUMBER IDENTIFIER | |
| control field | CaOOAMICUS |
| 005 - DATE AND TIME OF LATEST TRANSACTION | |
| control field | 20180423080509.0 |
| 008 - FIXED-LENGTH DATA ELEMENTS--GENERAL INFORMATION | |
| fixed length control field | 880713s1987 enk j 00 1 eng d |
| 040 ## - CATALOGING SOURCE | |
| Original cataloging agency | CaNSH |
| Language of cataloging | eng |
| 050 ## - LIBRARY OF CONGRESS CALL NUMBER | |
| Classification number | PE1119 |
| 082 0# - DEWEY DECIMAL CLASSIFICATION NUMBER | |
| Classification number | 428.6 |
| Edition number | 19 |
| 100 1# - MAIN ENTRY--PERSONAL NAME | |
| Personal name | Parnell, Donna R. |
| 9 (RLIN) | 53091 |
| 245 14 - TITLE STATEMENT | |
| Title | The little red hen / |
| Statement of responsibility, etc | adapted by Donna R. Parnell ; illustrated by Deborah Colvin Borgo. |
| 260 ## - PUBLICATION, DISTRIBUTION, ETC. (IMPRINT) | |
| Place of publication, distribution, etc | Loughborough : |
| Name of publisher, distributor, etc | Ladybird, |
| Date of publication, distribution, etc | c1987. |
| 300 ## - PHYSICAL DESCRIPTION | |
| Extent | [26] p. : |
| Other physical details | col. ill. ; |
| Dimensions | 19 x 20 cm. |
| 650 #0 - SUBJECT ADDED ENTRY--TOPICAL TERM | |
| Topical term or geographic name as entry element | Fairy tales. |
| 9 (RLIN) | 53092 |
| 942 ## - ADDED ENTRY ELEMENTS (KOHA) | |
| Source of classification or shelving scheme | |
| Withdrawn status | Lost status | Source of classification or shelving scheme | Damaged status | Not for loan | Home library | Current library | Date acquired | Total Checkouts | Full call number | Barcode | Date last seen | Date last borrowed | Price effective from | Koha item type |
|---|---|---|---|---|---|---|---|---|---|---|---|---|---|---|
| Logos International School | Logos International School | 08/11/2011 | 12 | J 398.2 LIT PAR | 19879 | 11/24/2025 | 02/12/2025 | 08/11/2011 | Book |